000 00638nam a2200229 i 4500
001 C2-0250719
003 PPAK
005 20180727214342.0
008 030716s1971 my |||| ||||| | may d
040 _aPPAK
_beng
_cPPAK
_erda
082 0 4 _a398.22
_223
090 0 0 _a398.22
_bDHA
_dKSI
100 0 _aDharmawijaya,
_eauthor
245 1 0 _aHikayat Merong Mahawangsa :
_bUlasan dan kjian
264 1 _aMelaka :
_bPenerbitan Abbas Bandong ,
_c1971
300 _a42 pages ;
_c21 cm
336 _2rdacontent
_atext
337 _2rdamedia
_aunmediated
338 _2rdacarrier
_avolume
650 1 0 _aFolk literature, Malay
942 _ddc
_cB
999 _c64045
_d64045